000 00420nam a2200169Ia 4500
008 221030s9999 xx 000 0 und d
020 _a0074635778
041 _aEnglish
082 _a105.23
_bDas
100 _aA. Das
245 0 _aMicrowave Engineering ( DEPARTMENTAL )
_cby A. Das, S. K. Das
260 _bTMH
_aNew Delhi
_c2005
300 _a516
650 _aECE Departmental
700 _aS. K. Das
942 _cBK
999 _c4179
_d4179